=LDR 00000nam 2200000 4500 =001 NUTBA000000000004339 =005 20250122103218 =035 ##$$a 0010-091400000000372 =008 250122################g##########0#ind## =020 ##$$a 978-979-019-768-8 =040 ##$$a NBPDMAT =090 ##$$a 540.7 $b Emi k =100 ##$$a Emi Erawati =245 1#$$a Kimia 2 untuk SMK kelas XI : $b Kelompok teknologi, kesehatan dan pertanian /$c Emi Erawati. ST., Dra. Dyah Saptarini MT. =260 ##$$a Jakarta :$b Yudhistira,$c 2009 =300 ##$$a vi, 144 hlm. : $b ilus. ; $c 29 cm. =500 ##$$a Bibliografi : hlm. 144 =650 #4$$a Kimia SMK - Studi dan Pengajaran =700 #$$a Dyah Saptarini =850 ##$$a NBPDMAT =082 ##$$a 540.7 =084 ##$$a 540.7 EMI k =990 ##$$a 21411262 =990 ##$$a 21411263 =990 ##$$a 21411264 =990 ##$$a 21411265 =990 ##$$a 21411266 =990 ##$$a 0001/BPAP-NTB/20142014 =990 ##$$a 21411262 =990 ##$$a 21411263 =990 ##$$a 21411264 =990 ##$$a 21411265 =990 ##$$a 21411266 =990 ##$$a 0001/BPAP-NTB/20142014 =990 ##$$a 21411262 =990 ##$$a 21411263 =990 ##$$a 21411264 =990 ##$$a 21411265 =990 ##$$a 21411266 =990 ##$$a 0001/BPAP-NTB/20142014 =990 ##$$a 21411263 =990 ##$$a 21411262 =990 ##$$a 21411264 =990 ##$$a 21411265 =990 ##$$a 21411266 =990 ##$$a 0001/BPAP-NTB/20142014 =990 ##$$a 21411264 =990 ##$$a 21411262 =990 ##$$a 21411263 =990 ##$$a 21411265 =990 ##$$a 21411266 =990 ##$$a 0001/BPAP-NTB/20142014 =990 ##$$a 21411265 =990 ##$$a 21411265 =990 ##$$a 21411262 =990 ##$$a 21411262 =990 ##$$a 21411263 =990 ##$$a 21411263 =990 ##$$a 21411264 =990 ##$$a 21411264 =990 ##$$a 21411266 =990 ##$$a 21411266 =990 ##$$a 0001/BPAP-NTB/20142014 =990 ##$$a 0001/BPAP-NTB/20142014 =990 ##$$a 21411265 =990 ##$$a 21411262 =990 ##$$a 21411263 =990 ##$$a 21411264 =990 ##$$a 21411266 =990 ##$$a 0001/BPAP-NTB/20142014 =990 ##$$a 21411266 =990 ##$$a 21411262 =990 ##$$a 21411263 =990 ##$$a 21411264 =990 ##$$a 21411265 =990 ##$$a 0001/BPAP-NTB/20142014 =990 ##$$a 21411265 =990 ##$$a 21411262 =990 ##$$a 21411263 =990 ##$$a 21411264 =990 ##$$a 21411266 =990 ##$$a 0001/BPAP-NTB/20142014 =990 ##$$a 0001/BPAP-NTB/20142014 =990 ##$$a 21411262 =990 ##$$a 21411263 =990 ##$$a 21411264 =990 ##$$a 21411265 =990 ##$$a 21411266